000 00272nam a22001217a 4500
008 170313b xxu||||| |||| 00| 0 eng d
020 _a0721657729
080 _25TH
_a7592
100 _a7
101 _ashm
245 _aVETERINARY IMMUNOLOGY
_cTIZARD, I.R
942 _2udc
_cBK
999 _c7714
_d7714